000 01029nam a22002417a 4500
003 SEM
005 20250801150639.0
008 240305s1978 ru ||||gr||||||01|||rus|d
040 _aSEM
_cSEM
041 _arus
_hbulg
080 _a069.538(49.72)/Н-35
100 _aЛефтерова, Анна
245 _aНационален музей на Българо-Съветската дружба /
_cАвт.-сост.: А. Лефтерова ; Ред.: К. Николов
246 _aНациональный музей Болгаро-Советской дружбы /
250 _aПервое издание
260 _aСофия :
_bДИ "Септембри'',
_c1978.
300 _bգունավոր բացիկ-17 հատ (цветные карты-17 шт.)
_c23 см
650 _aКаталог музея
_zБолгария
_zРоссия (СССР)
653 _aՍԷՄ
700 _aЛефтерова, А.
_eавт.-сост.
_4auth.-comp.
700 _aНиколов, К.
_eред.
_4edt.
942 _2udc
_cBK
999 _c74672
_d74672